Sharḥ Dīwān al-Mutanabbī /
Main Author:
Other Authors:
Format: Book
Language: Arabic
Published:
Miṣr :
Yuṭlabu min al-Maktabah al-Tijārīyah al-Kubrá,
1938.
Edition: al-Ṭabʻah 2.
Subjects:
Tags: Add Tag
Call Number: PJ7750 .M8 S42 v.1-4
| LEADER | 02084nam a2200289Ia 4500 | ||
|---|---|---|---|
| 003 | OSt | ||
| 005 | 20231116080619.0 | ||
| 008 | 130303s1938 ua 000 0 ara d | ||
| 952 | |0 0 |1 0 |2 lcc |3 V.4 |4 0 |6 PJ7750 M8 S42 V.00001-00004 |7 1 |9 56290 |a ARCE |b ARCE |d 2023-11-16 |l 0 |o PJ7750 .M8 S42 v.1-4 |p 1031551 |r 2023-11-16 00:00:00 |w 2023-11-16 |y BK | ||
| 952 | |0 0 |1 0 |2 lcc |3 V.3 |4 0 |6 PJ7750 M8 S42 V.00001-00004 |7 1 |9 62944 |a ARCE |b ARCE |d 2024-02-26 |l 0 |o PJ7750 .M8 S42 v.1-4 |p 1031552 |r 2024-02-26 00:00:00 |w 2024-02-26 |y BK | ||
| 952 | |0 0 |1 0 |2 lcc |3 V.2 |4 0 |6 PJ7750 M8 S42 V.00001-00004 |7 1 |9 62945 |a ARCE |b ARCE |d 2024-02-26 |l 0 |o PJ7750 .M8 S42 v.1-4 |p 1031553 |r 2024-02-26 00:00:00 |w 2024-02-26 |y BK | ||
| 952 | |0 0 |1 0 |2 lcc |3 V.1 |4 0 |6 PJ7750 M8 S42 V.00001-00004 |7 1 |9 62946 |a ARCE |b ARCE |d 2024-02-26 |l 0 |o PJ7750 .M8 S42 v.1-4 |p 1031554 |r 2024-02-26 00:00:00 |w 2024-02-26 |y BK | ||
| 999 | |c 30361 |d 30361 | ||
| 010 | |a 59044143 | ||
| 040 | |c ARCE Library | ||
| 050 | 4 | |a PJ7750 .M8 S42 v.1-4 | |
| 100 | 1 | |6 880-01 |a Mutanabbī, Abū al-Ṭayyib Aḥmad ibn al-Ḥusayn, |d 915 or 916-965, |e author | |
| 245 | 1 | 0 | |6 880-02 |a Sharḥ Dīwān al-Mutanabbī / |c Waḍaʻahu ʻAbd al-Raḥmān al-Barqūqī. |
| 250 | |a al-Ṭabʻah 2. | ||
| 264 | 1 | |a Miṣr : |b Yuṭlabu min al-Maktabah al-Tijārīyah al-Kubrá, |c 1938. | |
| 300 | |a 4 volumes ; |c 25 cm. | ||
| 650 | 0 | |a Arabic poetry |y History and criticism. | |
| 700 | 1 | |a Barqūqī, ʿAbd al-Raḥmān. |9 26277 | |
| 880 | 1 | |6 100-01/(3/r |a متنبي، أبو الطيب أحمد بن الحسين، |d 915 or 916-965. | |
| 880 | 1 | 0 | |6 245-02/(3/r |a شرح ديوان المتنبي |c وضعه عبد الرحمن البرقوقي . |
| 901 | |a reviewed | ||
| 942 | |c BK |2 lcc | ||
